000 00778nam a22002417a 4500
003 UA-OsUOA
001 59384
007 ta
008 20090323b un ||||| |||| 00| 0 ukr d
100 _aБаев О. Я.
090 _a343.13
_bБ15
942 _cBK
040 _aUA-OsUOA
_bukr
_cUA-OsUOA
_dUA-OsUOA
245 _aОсновы методики уголовного переследования и профессиональной защиты от него
_bНаучно-практическое пособие
300 _a400 с.
955 _a2
041 _aukr
080 _a343.13
020 _a978-5-699-28647-8
260 _aМ.
_bЭксмо
_c2009
650 7 _a343 Кримінальне право. Карні порушення
_2UDC
999 _c345467
_d345467